01091nam0a22002171 4500001001500000005001700015035002600032100004100058101000800099102000700107105001800114200020800132210008600340215002800426488028100454700005100735801001800786801002200804801002700826852002000853v19\rc\177398820250619120819.0 a(NLR Aleph) 004897946 a20061204e19041904|||y0rusy50 ca0 arus aRU aa z |||||1 aК вопросу о внутрисосудистой эндотелиомеeИз работ Госпит. хир. клин. проф. П.И. Дьяконова, т. 3fСтуд. К. Фон-Визен a[Москва]cт-во скоропеч. А.А. Левенсонdценз. 1904 a13 с., 1 л. ил.d25 012001#$aРаботы Госпитальной хирургической клиники профессора П.И. Дьяконова$vТ. 3tРаботы Госпитальной хирургической клиники профессора П.И. Дьяконова 1aВизенbК.В. фонgКарл В. фон 0aRUbNLRgpsbo 0aRUbRuMoRGB2psbo 1aRUbProSoft-M2rusmarc aNLRj38.41.4.28